000 00524nam a2200181Ia 4500
999 _c21554
_d21554
003 OSt
005 20201109112444.0
008 190216s9999||||xx |||||||||||||| ||und||
020 _a9780192893024
040 _coclc
082 _a306.36209
_bENG/S
100 _aEngerman, Stanley
_96340
245 0 _aSlavery /
_cStanley Engerman
260 _bOxford University Press,
_c2009.
_aNew York:
300 _a504p
650 _aPhysical Education
942 _cBK
_2ddc
_h306.36209
_iENG/S
_k306.36209
_mENG/S